Una historia de la Iglesia. Papas y santos, emperadores y reyes, gnosis y persecución

Saved in:
書目詳細資料
主要作者: Pellicciari, Angela (Author)
格式: 圖書
語言:西班牙语
出版: Madrid, España Biblioteca de Autores Cristianos 2017
版:1a. ed
叢編:Estudios y Ensayos, 214
主題:
在線閱讀:Disponible Online
標簽: 添加標簽
沒有標簽, 成為第一個標記此記錄!

MARC

LEADER 00000cam a2200000 a 4500
001 UCC1821
003 CL-VaPUC
005 20210604001436.0
008 171201e20170000sp |||||||||||||||||spa|d
999 |c 370170  |d 370168 
020 |a 9788422019824 
040 |c Pontificia Universidad Católica de Valparaíso 
082 0 4 |a 270 PEL 2017  |2 21 
100 0 |a Pellicciari, Angela  |e author  |9 595913 
245 1 4 |a Una historia de la Iglesia.  |b  Papas y santos, emperadores y reyes, gnosis y persecución 
250 |a 1a. ed 
260 |a Madrid, España   |b Biblioteca de Autores Cristianos  |c 2017 
300 |a 307 páginas  
490 0 |a Estudios y Ensayos, 214 
583 |a last modification  |c 20171201 13:56:00  |k Rodrigo Vera 
650 0 |a Historia de la iglesia   |9 257565 
856 |u http://bibliografiadigital.pucv.cl.pucv.idm.oclc.org/index.php/bibliotecapucv/catalog/book/324  |y Disponible Online  
942 |c BK  |2 ddc 
945 |d 20171201 13:56:00  |a dcastane 
952 |0 0  |1 0  |3 erb  |4 0  |6 270_000000000000000_PEL_2017  |7 0  |8 A  |9 486499  |a BIBTEO  |b BIBTEO  |i 5439191  |l 6  |o 270 PEL 2017  |p 5439191  |r 2025-01-17  |s 2021-08-27  |w 2019-11-24  |y BK  |z Catalogado en:20171201  |k ICR